000 00328nam a2200145Ia 4500
999 _c3782
_d3782
008 191201s2007 xx 000 0 und d
020 _a9780070634367
100 _aAstrachan, Owen L.
245 0 _aProgramming with C++
250 _aRep.
260 _aN.Delhi
_bTMH
_c2007
300 _a848
650 _aMCA
942 _2ddc
_cBK